000 00789nam a2200289Ia 4500
001 53500
003 IT-RoPAU
008 130308s9999 xx 000 0 und d
040 _aIT-RoPAU
040 _cIT-RoPAU
041 _aITALIANO
100 _aCassavetes John
100 _gCodice Aut. SPICS: 9207
245 _a"A proposito di ""faces"""
245 _bNew American Cinema-Il Cinema indipendente Americano degli Anni Sessanta
250 _a1a ed.
260 _aMILANO
260 _bUbulibri
260 _c1986 [1° Ed.:1986 - Ed.Ling.Originale:1970]
300 _a"2 p. (prefazione: no ; testo: 2 [pagine: 191-192])"
650 _aSTORIA NAZIONALE DEL CINEMA
650 _eCodice materia Spics: 6809
942 _cBK
957 _71
999 _c53778
_d53778
999 _bSI
999 _g1